000 00440nam a2200157Ia 4500
005 20250923144501.0
008 008 250917s9999 xx 000 0 eng d
037 _aTextual
040 _aDSWL
_beng
_cDSWL
041 _aeng
_2eng
084 _qDSWL
245 0 _aWorking man
_cby Jagjiva Ram Abinandan Granth Committee
260 _aPana
_bJagjiva Ram Abinandan Granth Committee
_c1954
942 _cTEXL
999 _c1439473
_d1439473